| 000 | 00714nam a2200181 a 4500 | ||
|---|---|---|---|
| 008 | 120416s1986 ||||||||||||||||| || u | ||
| 020 | _a0408704756 | ||
| 050 | _aTA 151 CIV | ||
| 100 | _aBlake, L. S | ||
| 245 | 1 | 0 |
_aCivil engineer's reference book _cedited by L. S. Blake |
| 250 | _a3rd ed. | ||
| 260 |
_aLondon _bButterworths _c1986 |
||
| 300 | _aVarious pagings : ill. | ||
| 350 | _a0.00 | ||
| 650 | _aCITY PLANNING--HANDBOOKS, MANUALS | ||
| 995 |
_aREFERENCE BOOKS _D0.00 _e711019 _FCBU-MAIN LIBRARY (Kitwe) _H2 _I63.00 _jTA 151 Civ _M2 _UREFERENCE _y023121 _ZReference Collection |
||
| 995 |
_aREFERENCE BOOKS _D0.00 _e720803 _FCBU-MAIN LIBRARY (Kitwe) _H1 _I63.00 _jTA 151 Civ _M1 _UREFERENCE _y023120 _ZReference Collection |
||
| 999 |
_c79385 _d79385 |
||